书目信息 |
| 题名: |
具身智能
|
|
| 作者: | 杜雨 , 张孜铭 著 | |
| 分册: | ||
| 出版信息: | 北京 中译出版社 2024.09 |
|
| 页数: | 244页 | |
| 开本: | 21cm | |
| 丛书名: | ||
| 单 册: | ||
| 中图分类: | TP18 | |
| 科图分类: | ||
| 主题词: | 人工智能--ren gong zhi neng | |
| 电子资源: | ||
| ISBN: | 978-7-5001-8054-8 | |
| 000 | 01441nam0 2200277 450 | |
| 001 | 94531 | |
| 005 | 20250820170056.70 | |
| 010 | @a978-7-5001-8054-8@dCNY69.00 | |
| 100 | @a20241024d2024 em y0chiy50 ea | |
| 101 | 0 | @achi |
| 102 | @aCN@b110000 | |
| 105 | @ay z 000yy | |
| 106 | @ar | |
| 200 | 1 | @a具身智能@Aju shen zhi neng@e从虚拟AI到现实AI@f杜雨, 张孜铭著 |
| 210 | @a北京@c中译出版社@d2024.09 | |
| 215 | @a244页@d21cm | |
| 300 | @a独角兽 | |
| 314 | @a杜雨, 未可知人工智能研究院院长。中国社会科学院技术经济学博士, 北京大学、香港中文大学双硕士。参与多项国家社科基金重大项目、国家自然科学基金项目及国家发改委、中国科学技术协会、中国工程院等委托项目, 担任国家工业信息安全发展研究中心牵头的《生成式人工智能数据应用合规指南》团体标准起草人。张孜铭, 未可知人工智能研究院副院长, 科技加速器Quadratic Acceleration Quantum合伙人, 元宇宙教育实验室智库专家。 | |
| 330 | @a本节结合近期具身智能的进展案例、典型应用场景解释具身智能的定义和核心概念, 带读者回顾具身智能的发展历程, 探讨为何具身智能对于科技、社会和经济等方面具有深远影响, 并概览性介绍具身智能的技术原理、产业地图、生态玩家及在各个领域的应用, 包括机器人、自动驾驶、增强现实、智能家居、自动化和医疗文教。 | |
| 517 | 1 | @a从虚拟AI到现实AI@Acong xu ni AI dao xian shi AI |
| 606 | 0 | @a人工智能@Aren gong zhi neng |
| 690 | @aTP18@v5 | |
| 701 | 0 | @a杜雨@Adu yu@4著 |
| 701 | 0 | @a张孜铭@Azhang zi ming@4著 |
| 801 | 0 | @aCN@c20250909 |
| 905 | @a河南城建学院图书馆@dTP18@eD889-3@f1 | |
| 具身智能:从虚拟AI到现实AI/杜雨, 张孜铭著.-北京:中译出版社,2024.09 |
| 244页;21cm |
| 独角兽 |
| ISBN 978-7-5001-8054-8:CNY69.00 |
| 本节结合近期具身智能的进展案例、典型应用场景解释具身智能的定义和核心概念, 带读者回顾具身智能的发展历程, 探讨为何具身智能对于科技、社会和经济等方面具有深远影响, 并概览性介绍具身智能的技术原理、产业地图、生态玩家及在各个领域的应用, 包括机器人、自动驾驶、增强现实、智能家居、自动化和医疗文教。 |
| ● |
| 相关链接 |
|
|
|
正题名:具身智能
索取号:TP18/D889-3
 
预约/预借
| 序号 | 登录号 | 条形码 | 馆藏地/架位号 | 状态 | 备注 |
| 1 | 1628737 | 216287373 | 自科库301/301自科库 101排8列1层/ [索取号:TP18/D889-3] | 在馆 |